La economía política de Marx (Registro nro. 5311)
[ vista simple ]
| 000 -LEADER | |
|---|---|
| fixed length control field | 01511 a2200205 4500 |
| 001 - CONTROL NUMBER | |
| control field | 53981 |
| 005 - DATE AND TIME OF LATEST TRANSACTION | |
| control field | 20260407155810.0 |
| 008 - FIXED-LENGTH DATA ELEMENTS--GENERAL INFORMATION | |
| fixed length control field | 260407a1971 arg spa d |
| 003 - CONTROL NUMBER IDENTIFIER | |
| control field | AR-UNSa-BCEJYS |
| 040 ## - CATALOGING SOURCE | |
| Original cataloging agency | AR-UNSa-BCEJYS |
| Language of cataloging | spa |
| Transcribing agency | AR-UNSa-BCEJYS |
| 080 ## - UNIVERSAL DECIMAL CLASSIFICATION NUMBER | |
| Universal Decimal Classification number | 330.85 |
| Common auxiliary subdivision | Doctrina económica marxista-leninista |
| 041 ## - LANGUAGE CODE | |
| Language code of text/sound track or separate title | spa |
| 100 1# - MAIN ENTRY--PERSONAL NAME | |
| Personal name | Balinky, Alexander |
| 245 10 - TITLE STATEMENT | |
| Title | La economía política de Marx |
| Name of part/section of a work | origen y desarrollo |
| 264 #1 - PRODUCTION, PUBLICATION, DISTRIBUTION, MANUFACTURE, AND COPYRIGHT NOTICE | |
| Place of production, publication, distribution, manufacture | Buenos Aires : |
| Name of producer, publisher, distributor, manufacturer | Paidós |
| Date of production, publication, distribution, manufacture, or copyright notice | 1971 |
| 300 ## - PHYSICAL DESCRIPTION | |
| Extent | 283 p. |
| Dimensions | 19 cm. |
| 505 ## - FORMATTED CONTENTS NOTE | |
| Formatted contents note | Primera parte - 1. La esencia del marxismo - 2. La base hegeliana del marxismo - 3. La teoría de la historia de Marx: su contenido fundamental - 4. La teoría de la historia de Marx: visión general - 5. Introducción a la economía marxista - 6. La ley marxista del valor: la versión inicial - 7. El salario de subsistencia - 8. La plusvalía - 9. La teoría del valor y el precio de Marx: segunda y tercera versiones - 10. La plusvalía: segundo examen de lo que se divide - 11. División de la plusvalía: interés y renta - 12. La circulación y acumulación del capital - 13. Introducción al proceso de la contradicción capitalista - 14. La declinación permanente en la tasa general de beneficio - 15. La causa fundamental de la contradicción capitalista y las fuerzas que la gravan - 16. El imperialismo económico - 17. La miseria creciente de la clase trabajadora - 18. Las circunstancias objetivas para la revolución |
| 590 ## - LOCAL NOTE (RLIN) | |
| Local note | niveau_biblio:m niveau_hierar:0 |
| 942 ## - ADDED ENTRY ELEMENTS (KOHA) | |
| Koha item type | |
| Withdrawn status | Lost status | Damaged status | Not for loan | Home library | Current library | Shelving location | Date acquired | Total checkouts | Full call number | Barcode | Date last seen | Price effective from | Koha item type |
|---|---|---|---|---|---|---|---|---|---|---|---|---|---|
| Biblioteca Prof. Eusebio Cleto del Rey | Biblioteca Prof. Eusebio Cleto del Rey | 07/04/2026 | 330.85 B186 | L23657 | 07/04/2026 | 07/04/2026 | Libro |